History Quiz

Random History or Celebrity Quiz

Famous Quotes About 'M' Quiz Stats

 Plays Quiz Updated Jan 17, 2015

Score 0/28 Timer 08:00
10 Plays Today
% Correct
Mankind
99.4%
Mouth
97.4%
Mistake
97%
Miss
96.2%
Mountain
96.2%
Mosquitoes
95.6%
Mirror
95.4%
Mother
94.3%
Madman
94%
Member
92.4%
Message
91.5%
Monologues
90.5%
Marriage
89.8%
Misstatements
88.9%
% Correct
Medicine
87.8%
Money
86.3%
Menace
84.9%
Museum
84.2%
Management
83.7%
Map
80.6%
Mediocrity
79.9%
Memory
78.9%
Manners
77.5%
Mercy
72.2%
Music
71.8%
Magic
71.6%
Millionaire
69.7%
Madness
58.2%

You're not logged in!

Compare scores with friends on all Sporcle quizzes.
OR
Log In

Show Comments

Extras

Top Quizzes Today


Score Distribution

Your Account Isn't Verified!

In order to create a playlist on Sporcle, you need to verify the email address you used during registration. Go to your Sporcle Settings to finish the process.

Report this User

Report this user for behavior that violates our Community Guidelines.

Details: